Fast Typing C - Statistics

General Stats
  • This quiz has been taken 122 times
    108 since last reset
  • The average score is 256 of 405
Answer Stats
C % Correct
c
100%
c
100%
c
100%
c
100%
c
100%
c
98%
c
98%
c
98%
c
98%
c
98%
c
98%
c
98%
c
96%
c
96%
c
96%
c
96%
c
96%
c
96%
c
96%
c
96%
c
96%
c
96%
c
96%
c
96%
c
96%
c
96%
c
96%
c
96%
c
96%
c
96%
c
96%
c
96%
c
96%
c
96%
c
96%
c
96%
c
96%
c
96%
c
96%
c
96%
c
96%
c
96%
c
96%
c
96%
c
96%
c
96%
c
96%
c
96%
c
96%
c
96%
c
96%
c
96%
c
96%
c
96%
c
96%
c
96%
c
96%
c
96%
c
96%
c
96%
c
96%
c
96%
c
96%
c
96%
c
96%
c
96%
c
96%
c
96%
c
93%
c
93%
c
93%
c
93%
c
93%
c
91%
c
89%
c
89%
c
87%
c
87%
c
87%
c
87%
c
82%
c
82%
c
82%
c
80%
c
78%
c
78%
c
78%
c
78%
c
78%
c
78%
c
78%
c
78%
c
78%
c
78%
c
78%
c
78%
c
78%
c
76%
c
76%
c
73%
c
73%
c
73%
c
71%
c
69%
c
69%
c
69%
c
69%
c
69%
c
69%
c
69%
c
69%
c
67%
c
67%
c
67%
c
67%
c
67%
c
67%
c
67%
c
67%
c
62%
c
62%
c
62%
c
62%
c
62%
c
62%
c
62%
c
62%
c
62%
c
62%
c
62%
c
62%
c
62%
c
62%
c
62%
c
62%
c
62%
c
62%
c
62%
c
62%
c
62%
c
62%
c
62%
c
62%
c
62%
c
62%
c
62%
c
62%
c
62%
c
62%
c
62%
c
60%
c
60%
c
60%
c
60%
c
60%
c
60%
c
60%
c
60%
c
60%
c
60%
c
60%
c
60%
c
60%
c
60%
c
60%
c
60%
c
60%
c
60%
c
60%
c
60%
c
60%
c
60%
c
60%
c
60%
c
60%
c
60%
c
60%
c
60%
c
60%
c
60%
c
60%
c
60%
c
60%
c
60%
c
60%
c
60%
c
60%
c
60%
c
60%
c
60%
c
60%
c
60%
c
60%
c
60%
c
60%
c
60%
c
60%
c
60%
c
60%
c
60%
c
60%
c
60%
c
60%
c
60%
c
60%
c
60%
c
60%
c
60%
c
60%
c
60%
c
60%
c
60%
c
60%
c
60%
c
60%
c
60%
c
58%
c
58%
c
58%
c
58%
c
58%
c
58%
c
58%
c
58%
c
58%
c
58%
c
58%
c
58%
c
58%
c
58%
c
58%
c
58%
c
58%
c
58%
c
58%
c
58%
c
58%
c
58%
c
58%
c
58%
c
58%
c
58%
c
58%
c
58%
c
58%
c
58%
c
58%
c
58%
c
58%
c
58%
c
58%
c
58%
c
58%
c
58%
c
58%
c
58%
c
58%
c
58%
c
58%
c
58%
c
58%
c
58%
c
58%
c
58%
c
58%
c
58%
c
58%
c
58%
c
58%
c
56%
c
56%
c
56%
c
56%
c
56%
c
56%
c
53%
c
53%
c
53%
c
53%
c
53%
c
53%
c
53%
c
53%
c
53%
c
53%
c
53%
c
53%
c
53%
c
51%
c
51%
c
51%
c
51%
c
51%
c
51%
c
47%
c
47%
c
47%
c
47%
c
47%
c
47%
c
47%
c
47%
c
47%
c
47%
c
47%
c
47%
c
47%
c
47%
c
47%
c
47%
c
47%
c
47%
c
47%
c
47%
c
47%
c
47%
c
47%
c
47%
c
47%
c
47%
c
47%
c
47%
c
47%
c
47%
c
47%
c
47%
c
47%
c
47%
c
47%
c
47%
c
47%
c
47%
c
47%
c
47%
c
47%
c
47%
c
47%
c
47%
c
47%
c
47%
c
47%
c
47%
c
47%
c
47%
c
47%
c
47%
c
44%
c
44%
c
44%
c
44%
c
44%
c
44%
c
44%
c
44%
c
44%
c
44%
c
44%
c
44%
c
44%
c
44%
c
44%
c
44%
c
42%
c
42%
c
42%
c
42%
c
42%
c
42%
c
42%
c
42%
c
42%
c
42%
c
42%
c
42%
c
42%
c
42%
c
42%
c
42%
c
42%
c
42%
c
42%
c
42%
c
42%
c
42%
c
40%
c
40%
c
40%
c
40%
c
40%
c
40%
c
38%
c
38%
c
38%
c
38%
c
38%
c
38%
c
38%
c
38%
c
38%
c
38%
c
38%
c
38%
c
38%
c
38%
c
38%
No matching quizzes found
Score Distribution
Percent of People with Each Score
Percentile by Number Answered
Your Score History
You have not taken this quiz since the last reset